[Event "Bad Woerishofen op 33rd"]
[Site "Bad Woerishofen"]
[Date "2017.03.14"]
[Round "5"]
[White "De Francesco, Klaus"]
[Black "Fleischer, Andy"]
[Result "1-0"]
[WhiteElo "2227"]
[BlackElo "2087"]
[PlyCount "38"]
[EventDate "2017.03.10"]
[EventType "swiss"]
[EventRounds "9"]
[EventCountry "GER"]
[SourceTitle "EXT 2018"]
[Source "ChessBase"]
[SourceDate "2017.10.13"]
[SourceVersion "1"]
[SourceVersionDate "2017.10.13"]
[SourceQuality "1"]

1. d4 d5 2. c4 e6 3. Nf3 c5 4. e3 Nc6 5. a3 Nf6 6. dxc5 Bxc5 7. b4 Bd6 8. Bb2 0-0 9. Nbd2 Ng4 10. h3 Nge5 11. Be2 a6 12. Rc1 Nxc4 13. Nxc4 dxc4 14. Bxc4 Ne7 15. 0-0 b5 16. Bd3 Ng6 17. Be4 Rb8 18. Bxg6 hxg6 19. Qd4 Be7 1-0

[Event "Berlin op 07"]
[Site "Berlin"]
[Date "2005.07.06"]
[Round "5"]
[White "Fleischer, Andy"]
[Black "Kievelitz, Bernd"]
[Result "0-1"]
[WhiteElo "2022"]
[BlackElo "1890"]
[PlyCount "102"]
[EventDate "2005.07.02"]
[EventType "swiss"]
[EventRounds "9"]
[EventCountry "GER"]
[SourceTitle "EXT 2007"]
[Source "ChessBase"]
[SourceDate "2006.11.23"]
[SourceVersion "1"]
[SourceVersionDate "2006.11.23"]
[SourceQuality "1"]

1. c4 e6 2. Nf3 c5 3. e4 a6 4. Nc3 Qc7 5. g3 d6 6. Bg2 Nf6 7. d4 cxd4 8. Qxd4 Nc6 9. Qd3 Be7 10. 0-0 0-0 11. b3 Ne5 12. Qd2 Nxf3+ 13. Bxf3 Bd7 14. Bb2 Bc6 15. Rac1 Qb8 16. Qe3 Qa7 17. Rfe1 Qxe3 18. Rxe3 Rfe8 19. a4 Nd7 20. Ne2 Bg5 21. Nf4 e5 22. Nd5 Bxd5 23. exd5 Bxe3 24. fxe3 Nc5 25. Rc3 a5 26. e4 g6 27. g4 Rf8 28. g5 f5 29. gxf6 Rxf6 30. Bc1 Raf8 31. Kg2 Kg7 32. Bg5 R6f7 33. Re3 h6 34. Bh4 g5 35. Be1 b6 36. Bg4 Kg6 37. Bf5+ Rxf5 38. exf5+ Rxf5 39. Bg3 h5 40. h3 h4 41. Bf2 Rf6 42. Re2 Kh5 43. Be3 Rf5 44. Bf2 g4 45. hxg4+ Kxg4 46. Re3 h3+ 47. Kf1 Rf3 48. Kg1 h2+ 49. Kh1 Rxf2 50. b4 axb4 51. a5 Rf3 0-1

[Event "Budapest FS03 FM"]
[Site "Budapest"]
[Date "2004.03.11"]
[Round "6"]
[White "Bodrogi, Laszlo"]
[Black "Fleischer, Andy"]
[Result "0-1"]
[WhiteElo "2058"]
[BlackElo "2075"]
[PlyCount "94"]
[EventDate "2004.03.06"]
[EventType "tourn"]
[EventRounds "13"]
[EventCountry "HUN"]
[SourceTitle "CBM 099 Extra"]
[Source "ChessBase"]
[SourceDate "2004.05.04"]
[SourceVersion "1"]
[SourceVersionDate "2004.05.04"]
[SourceQuality "1"]

1. d4 d5 2. c4 e6 3. Nc3 f5 4. g3 Nf6 5. Bg2 c6 6. Nf3 Bd6 7. 0-0 0-0 8. Bg5 Qe8 9. Qa4 Nbd7 10. c5 Bc7 11. b4 Ne4 12. Nxe4 fxe4 13. Nd2 Qh5 14. Be3 Qxe2 15. Qb3 Qh5 16. f3 exf3 17. Rxf3 Nf6 18. Bf4 e5 19. dxe5 Bxe5 20. Bxe5 Qxe5 21. Raf1 Bg4 22. Rf4 g5 23. Nf3 Bxf3 24. R4xf3 Qd4+ 25. Qe3 Qxe3+ 26. Rxe3 Rae8 27. Rxe8 Nxe8 28. Re1 Kf7 29. b5 Nf6 30. bxc6 bxc6 31. Rb1 Re8 32. Bf1 Ne4 33. Bd3 h6 34. Re1 Re6 35. Rf1+ Kg7 36. Rc1 Kf6 37. Kg2 Ke5 38. Bxe4 dxe4 39. Rd1 Rf6 40. Rd7 a5 41. Ra7 Kd4 42. Rxa5 Kd3 43. Ra8 e3 44. Re8 Rf2+ 45. Kg1 Rxa2 46. Re6 Ra1+ 47. Kg2 e2 0-1

[Event "Budapest FS03 FM"]
[Site "Budapest"]
[Date "2004.03.10"]
[Round "5"]
[White "Fleischer, Andy"]
[Black "Havaskori, Laszlo"]
[Result "1-0"]
[WhiteElo "2075"]
[BlackElo "2089"]
[PlyCount "101"]
[EventDate "2004.03.06"]
[EventType "tourn"]
[EventRounds "13"]
[EventCountry "HUN"]
[SourceTitle "CBM 099 Extra"]
[Source "ChessBase"]
[SourceDate "2004.05.04"]
[SourceVersion "1"]
[SourceVersionDate "2004.05.04"]
[SourceQuality "1"]

1. c4 Nf6 2. Nc3 g6 3. d4 d5 4. cxd5 Nxd5 5. e4 Nxc3 6. bxc3 Bg7 7. Bc4 0-0 8. Ba3 b6 9. Ne2 Bb7 10. f3 c5 11. 0-0 Qc7 12. Rc1 Nd7 13. Qb3 Rac8 14. Bb5 Bc6 15. Rfd1 Bh6 16. Rb1 a6 17. Bxc6 Qxc6 18. Bc1 Bxc1 19. Rbxc1 c4 20. Qb4 Qd6 21. Rb1 Rfd8 22. Rdc1 Kf8 23. Rb2 Rc7 24. Rcb1 Rb8 25. a4 Ke8 26. Qxd6 exd6 27. Nf4 Rcb7 28. Nd5 Kd8 29. Ne3 Ke7 30. Nxc4 Ke6 31. Ne3 f5 32. Nd5 fxe4 33. fxe4 Nf6 34. Nxf6 Kxf6 35. Kf2 Ke6 36. Ke3 Rc7 37. Kd3 Rbc8 38. Rb3 Rc4 39. Ra1 R4c7 40. Raa3 Rb8 41. Rb2 h5 42. c4 h4 43. h3 g5 44. Rab3 Rbc8 45. Rc3 Rf7 46. Ke3 Rcf8 47. Rcc2 Rf1 48. Rxb6 Re1+ 49. Kd3 Ra1 50. c5 Ra3+ 51. Ke2 1-0

[Event "Greifswald op"]
[Site "Greifswald"]
[Date "2003.08.29"]
[Round "3"]
[White "Berger, Steve"]
[Black "Fleischer, Andy"]
[Result "1-0"]
[WhiteElo "2318"]
[BlackElo "2075"]
[PlyCount "37"]
[EventDate "2003.08.??"]
[EventType "swiss"]
[EventRounds "7"]
[EventCountry "GER"]
[SourceTitle "EXT 2005"]
[Source "ChessBase"]
[SourceDate "2004.11.15"]
[SourceVersion "1"]
[SourceVersionDate "2004.11.15"]
[SourceQuality "1"]

1. e4 c5 2. Nf3 e6 3. d4 cxd4 4. Nxd4 Nf6 5. Nc3 Bb4 6. e5 Nd5 7. Qg4 0-0 8. Bh6 g6 9. Qg3 Qa5 10. Nde2 Nc6 11. f4 Nd4 12. Bxf8 Kxf8 13. Kd1 Nf5 14. Qd3 Bxc3 15. Nxc3 Nxf4 16. Qb5 Ne3+ 17. Kd2 Qxb5 18. Nxb5 Nexg2 19. h4 1-0

[Event "Greifswald op"]
[Site "Greifswald"]
[Date "2003.08.28"]
[Round "1"]
[White "Kaduszkiewicz, Martin"]
[Black "Fleischer, Andy"]
[Result "0-1"]
[WhiteElo "1457"]
[BlackElo "2075"]
[PlyCount "82"]
[EventDate "2003.08.??"]
[EventType "swiss"]
[EventRounds "7"]
[EventCountry "GER"]
[SourceTitle "EXT 2005"]
[Source "ChessBase"]
[SourceDate "2004.11.15"]
[SourceVersion "1"]
[SourceVersionDate "2004.11.15"]
[SourceQuality "1"]

1. e4 c6 2. d4 d5 3. Nc3 dxe4 4. Nxe4 Nf6 5. Nxf6+ gxf6 6. Nf3 Bg4 7. Be2 e6 8. Be3 Qa5+ 9. Qd2 Bb4 10. c3 Bd6 11. Bf4 Be7 12. h3 Bh5 13. g4 Bg6 14. Bd3 Na6 15. a3 0-0-0 16. Bxg6 hxg6 17. b4 Qd5 18. Qe3 g5 19. Bg3 Nc7 20. Bxc7 Kxc7 21. Ke2 Bd6 22. Nd2 Bf4 23. Qf3 e5 24. Qxd5 cxd5 25. Nf3 Kb6 26. a4 Rc8 27. Ra3 Rc7 28. Nd2 exd4 29. cxd4 Rc2 30. Rd1 Rb2 31. Rb3 Ra2 32. a5+ Kb5 33. Rd3 Rc8 34. Ke1 Rcc2 35. f3 Bxd2+ 36. R1xd2 Rxd2 37. Rxd2 Rxd2 38. Kxd2 Kxb4 39. f4 Kxa5 40. fxg5 fxg5 41. Ke3 b5 0-1

[Event "Wichern op 6th"]
[Site "Hamburg"]
[Date "2001.10.15"]
[Round "3.47"]
[White "Fleischer, Andy"]
[Black "Colpe, Helge"]
[Result "0-1"]
[WhiteElo "2095"]
[BlackElo "1903"]
[PlyCount "45"]
[EventDate "2001.10.21"]
[EventType "swiss"]
[EventRounds "9"]
[EventCountry "GER"]
[SourceTitle "EXT 2002"]
[Source "ChessBase"]
[SourceDate "2001.11.25"]
[SourceVersion "1"]
[SourceVersionDate "2001.11.25"]
[SourceQuality "1"]

1. e4 e5 2. Nf3 Nc6 3. Bb5 Nf6 4. 0-0 Nxe4 5. d4 Nd6 6. Bxc6 dxc6 7. dxe5 Nf5 8. Qxd8+ Kxd8 9. Rd1+ Ke8 10. g4 Ne7 11. g5 Bg4 12. Kg2 Ng6 13. Re1 Kd7 14. Nd4 c5 15. Nb3 Re8 16. f4 Kc8 17. Kg3 Bf5 18. Be3 b6 19. c4 h6 20. gxh6 Rxh6 21. Nc3 Be7 22. Rh1 Rh3+ 23. Kf2 0-1